000 00333nam a2200133 a 4500
005 20140414132107.0
008 100906s19uu xx 00 eng d
020 _a978-1-84898-082-2
050 _aREF 639
_bR15 2005
100 _aRandall, Ronne
245 _aWild world.
260 _aKent, UK :
_bTicktock,
_c2009.
999 _c114644
_d114644